Histoire de la psychologie (notice n° 2095051)
[ vue normale ]
| 000 -LEADER | |
|---|---|
| fixed length control field | 00742cam a2200157 4500500 |
| 005 - DATE AND TIME OF LATEST TRANSACTION | |
| control field | 20260405011453.0 |
| 041 ## - LANGUAGE CODE | |
| Language code of text/sound track or separate title | fre |
| 042 ## - AUTHENTICATION CODE | |
| Authentication code | dc |
| 100 10 - MAIN ENTRY--PERSONAL NAME | |
| Personal name | Braunstein, Jean-François |
| Relator term | author |
| 245 00 - TITLE STATEMENT | |
| Title | Histoire de la psychologie |
| 260 ## - PUBLICATION, DISTRIBUTION, ETC. | |
| Name of publisher, distributor, etc. | Armand Colin,<br/> |
| Date of publication, distribution, etc. | 2010.<br/> |
| 520 ## - SUMMARY, ETC. | |
| Summary, etc. | Histoire de la psychologie, des origines aux découvertes les plus récentes, en passant par les différents courants et traditions nationales. Nouvelle édition enrichie notamment des nouveaux apports en psychanalyse et en sciences cognitives. |
| 700 10 - ADDED ENTRY--PERSONAL NAME | |
| Personal name | Pewzner, Évelyne |
| Relator term | author |
| 700 10 - ADDED ENTRY--PERSONAL NAME | |
| Personal name | Pewzner-Apeloig, Évelyne |
| Relator term | author |
| 856 41 - ELECTRONIC LOCATION AND ACCESS | |
| Uniform Resource Identifier | <a href="https://shs.cairn.info/histoire-de-la-psychologie--9782200249427?lang=fr&redirect-ssocas=7080">https://shs.cairn.info/histoire-de-la-psychologie--9782200249427?lang=fr&redirect-ssocas=7080</a> |
Pas d'exemplaire disponible.




Réseaux sociaux